Gerencia de construcción y del tiempo : (Registro nro. 9869)
[ vista simple ]
| 000 -LEADER | |
|---|---|
| Campo de control de longitud fija | 02538nam a22002897a 4500 |
| 003 - IDENTIFICADOR DEL NÚMERO DE CONTROL | |
| Campo de control | PE SENCICO BE |
| 005 - FECHA Y HORA DE LA ÚLTIMA TRANSACCIÓN | |
| Campo de control | 20260415155250.0 |
| 008 - ELEMENTOS DE LONGITUD FIJA - INFORMACIÓN GENERAL | |
| Campo de control de longitud fija | 260415b |||||||| |||| 00| 0 eng d |
| 017 ## - NÚMERO DEL REGISTRO DE DERECHOS DE AUTOR O DEL DEPÓSITO LEGAL | |
| Fuente | 2006-6267 |
| 020 ## - ISBN | |
| ISBN | 9972-215-48-2 |
| 040 ## - FUENTE DE CATALOGACIÓN | |
| Origen de catalogación | PE SENCICO BE |
| Agencia que realiza la transcripción | PE SENCICO BE |
| 041 ## - CÓDIGO DE IDIOMA | |
| Idioma del texto | spa |
| 082 ## - NÚMERO DE CLASIFICACIÓN DECIMAL DEWEY | |
| Código de Clasificación Dewey | 692.5 |
| Notación Interna | R74 |
| 100 1# - ASIENTO PRINCIPAL--NOMBRE PERSONAL | |
| Autor Personal | Rodriguez Castillejo, Walter |
| 9 (RLIN) | 624 |
| Término relacionado | autor |
| 245 1# - MENCIÓN DEL TITULO | |
| Título | Gerencia de construcción y del tiempo : |
| Subtítulo | planeamiento estratégico táctico, operativo de contingencia / |
| Mención de responsabilidad | Walter Rodriguez Castillejo |
| 250 ## - MENCIÓN DE EDICIÓN | |
| Edición | 1a ed. |
| 260 ## - PUBLICACIÓN, DISTRIBUCIÓN, ETC. (PIE DE IMPRENTA) | |
| Lugar de publicación, distribución, etc. | Lima : |
| Nombre de la Editorial, Distribuidor, etc. | Macro ; |
| Fecha de publicación, distribución, etc. | 2006 |
| 300 ## - DESCRIPCIÓN FÍSICA | |
| Paginación | 464 paginas : |
| Otros detalles físicos | cuadros y diagramas ; |
| Dimensión | 22 cm. |
| 504 ## - NOTA DE BIBLIOGRAFÍA, ETC. | |
| Bibliografía (rango de páginas) | Bibliografía: p. 453-460 |
| 505 0# - NOTA DE CONTENIDO CON FORMATO PREESTABLECIDOE | |
| Contenido o índice | Planeamiento de obras – Planeamiento estratégico – Planeamiento táctico – Planeamiento operativo – Planeamiento de contingencia – Ejemplos de planeamiento – Distribución en planta en una carretera – Metodología eficaz para planificar proyectos – Ejemplos y problemas desarrollados sobre planificación de obras – Problemas sobre productividad – Contratos – Sistemas de contrato – Modalidades de contrato – Programación de obras – Lógica de redes – Métodos de diagrama de barras Gantt o gráficos lineales – Métodos de diagrama de flechas – Método de la ruta crítica con duraciones límites – Costo y tiempo de un proyecto – Análisis costo/tiempo – Comprensión de redes – Histograma de recursos y nivelación de recursos – Métodos heurísticos de programaciones en función a la optimización – Método de la cadena de trabajo – Programación tipo ferrocarril – Programación a ritmo constante |
| 520 3# - NOTA DE RESUMEN, ETC. | |
| Resumen, etc. | Explica la Gerencia de Construcción del Tiempo en cuanto al Planeamiento, la Programación y el Control de Obras. El Planeamiento de obras enfocado a la administración moderna, como planeamiento estratégico, táctico, operativo y de contingencia, porque no olvidemos, que primero es idea y luego acción. Se desarrollan ejemplos prácticos del planteamiento operativo y la elaboración de la estructura de descomposición de trabajo, así como la estructura de descomposición de la organización (los responsables de los entregables), como consecuencia de la EDT ó WBS. Igualmente se presentan también ejemplos de productividad tanto de la mano de obra como de los equipos. |
| 650 10 - ASIENTO SECUNDARIO DE MATERIA - TERMINO TEMÁTICO | |
| Término de tema o elemento de entrada de nombre geográfico | Industria de la construcción |
| 9 (RLIN) | 355 |
| 650 20 - ASIENTO SECUNDARIO DE MATERIA - TERMINO TEMÁTICO | |
| Término de tema o elemento de entrada de nombre geográfico | Edificaciones |
| 9 (RLIN) | 333 |
| 650 20 - ASIENTO SECUNDARIO DE MATERIA - TERMINO TEMÁTICO | |
| Término de tema o elemento de entrada de nombre geográfico | Proceso constructivo |
| 9 (RLIN) | 426 |
| 910 ## - RESPONSABLE DEL REGISTRO | |
| Coordinador de procesamiento de la información | hfp |
| 942 ## - ELEMENTOS DE KOHA | |
| Fuente de clasificación o esquema de estanterías | Dewey Decimal Classification |
| Tipo de documento | Libros |
| 999 ## - | |
| -- | 9869 |
| -- | 9869 |
| Estado Retiro | Estado Perdido | Sistema de Clasificación o Esquema de Estantería | Estado Dañado | No es para préstamo | Ubicación Permanente | Ubicación Actual | Fecha de adquisición | Total Checkouts | Signatura topográfica completa | Código de Barras | Date last seen | Precio efectivo desde | Tipo de ítem |
|---|---|---|---|---|---|---|---|---|---|---|---|---|---|
| Dewey Decimal Classification | Biblioteca Tacna | Biblioteca Tacna | 15/04/2026 | 692.5/R74 | BibZtacn26042606 | 15/04/2026 | 15/04/2026 | Libros |